| 000 | 00374 a2200097 4500 | ||
|---|---|---|---|
| 245 | 0 | 0 |
_aGłośniki magnetoelektryczne cewkowe i zestawy głośnikowe - Metody badań elektroakustycznych PN-75/T-04751 / _cMin. Przem. Maszynowego. |
| 246 | 1 | 3 | _aPN-75/T-04751 |
| 246 | 1 | 3 | _a621.395.623.72.001.4 |
| 260 |
_aWarszawa : _bMin. Przem. Maszynowego, _c1975. |
||
| 300 |
_a9 stron ; _c30 cm. |
||
| 650 | _aPolska norma | ||
| 999 |
_c20665 _d20665 |
||